00497 2200181 4500001002100000005001700021006001900038008004100057020001800098035002500116041000700141090001400148100002100162245006600183260003000249300001900279700001700298INLIS00000000000358620160121094453.0a ||| | 180719| ||| | id  a979-730-512-0 a0010-031300000003586 aid a813 SOE s0 aYuliadi Soekardi00aKisah Penyebaran Agama Islam Di Pulau Jawa : Syekh Siti Jenar aBandungbPustaka Setiac0 a124 hal, 26 cm0 aU. Syahbudin